| 000 | 00000nam##2200000za#4500 |
| 001 | 9.578151 |
| 003 | CaOODSP |
| 005 | 20210624185942 |
| 007 | cr ||||||||||| |
| 008 | 150406|1985||||xxc|||||o f|0| 0 eng|d |
| 022 | |a1488-5379 |
| 040 | |aCaOODSP|beng |
| 043 | |an-cn--- |
| 086 | 1 |aFs97-6/1367E-PDF |
| 110 | 1 |aCanada. |bDepartment of Fisheries and Oceans. |
| 245 | 10|aTerminal travel rates for Alberni Inlet sockeye salmon (Oncorhynchus nerka) / |h[electronic resource]|cby J.I. Manzer, R.B. Morley and O.J. Girodat. |
| 260 | |aNanaimo - British Columbia : |bFisheries and Oceans Canada |c1985. |
| 300 | |a20p.|breferences, tables |
| 490 | 1 |aCanadian technical report of fisheries and aquatic sciences|x1488-5379|vNo. 1367 |
| 500 | |aOn t.p.: Pacific Biological Station, Nanaimo, British Columbia. The catalogue number and ISSN for the print edition appear in the PDF version. |
| 546 | |a(Résumé en français) |
| 590 | |a13-28-Supp|b2013-12-09 |
| 720 | 1 |aMorley, R. B. |
| 720 | 1 |aManzer, J. I. |
| 720 | 1 |aGirodat, O. J. |
| 830 | #0|aCanadian technical report of fisheries and aquatic sciences,|x1488-5379|vNo. 1367|w(CaOODSP)9.504449 |
| 856 | 40|ahttp://publications.gc.ca|qPDF|s6798 KB|uhttps://publications.gc.ca/collections/collection_2013/mpo-dfo/Fs97-6-1367-eng.pdf|yNo. 1367 |